Review of social housing regulation (Record no. 111293)

MARC details
000 -LEADER
fixed length control field 02110cad a22002295a 4500
001 - CONTROL NUMBER
control field L151322
008 - FIXED-LENGTH DATA ELEMENTS--GENERAL INFORMATION
fixed length control field 101021s2010 xxk f 000 0 eng d
020 ## - INTERNATIONAL STANDARD BOOK NUMBER
International Standard Book Number 9781409825906
035 ## - SYSTEM CONTROL NUMBER
System control number (Sirsi) u151322
041 0# - LANGUAGE CODE
Language code of text/sound track or separate title eng
050 04 - LIBRARY OF CONGRESS CALL NUMBER
Classification number 306.1 $2 18
110 2# - MAIN ENTRY--CORPORATE NAME
Corporate name or jurisdiction name as entry element United Kingdom
Subordinate unit Department for Communities and Local Government
9 (RLIN) 4939
245 00 - TITLE STATEMENT
Title Review of social housing regulation
Medium [electronic resource]
260 ## - PUBLICATION, DISTRIBUTION, ETC.
Place of publication, distribution, etc. London
Name of publisher, distributor, etc. DCLG
Date of publication, distribution, etc. 2010
505 2# - FORMATTED CONTENTS NOTE
Formatted contents note Summary of findings -- Introduction -- Context -- A revised model of regulation -- Consumer protection -- Economic regulation -- Other functions fo the regulator -- Funding of regulation -- Institutional arrangements -- Implementation -- Suggested revised direction on tenant involvement and empowerment standard -- Visual representation of review proposals
520 ## - SUMMARY, ETC.
Summary, etc. Reviews the functions of the Tenant Services Authority (TSA) and framework for social housing. Recommends the abolition of the TSA and the transfer of its regulatory function to the Home and Communities Agency (HCA). The role of consumer regulation should be refocused on setting clear service standards for social landlords and addressing serious failures against those standards. Local mechanisms should be used to address routine problems, with an enhanced role for elected councillors, MPs and tenant panels in the complaints process. This will enable tenants to hold their landlord to account and press for better services. Inspection of social landlords should only be used where there are grounds to suspect a serious failure against the standards, but the regulator should be free to commission inspections from the open market.In order to maintain lender confidence and protect taxpayers, proactive economic regulation of housing associations should continue as now but with more focus on value for money for the taxpayer.
590 ## - LOCAL NOTE (RLIN)
Local note KA NTK
651 #4 - SUBJECT ADDED ENTRY--GEOGRAPHIC NAME
Geographic name England
Chronological subdivision 886-
690 ## - LOCAL SUBJECT ADDED ENTRY--TOPICAL TERM (OCLC, RLIN)
Topical term or geographic name as entry element Residential property
9 (RLIN) 6266
856 40 - ELECTRONIC LOCATION AND ACCESS
Uniform Resource Identifier <a href="https://www.communities.gov.uk/documents/housing/pdf/1742903.pdf">https://www.communities.gov.uk/documents/housing/pdf/1742903.pdf</a>
Public note View this item free of charge at www.communities.gov.uk
942 ## - ADDED ENTRY ELEMENTS (KOHA)
Suppress in OPAC 0
Holdings
Withdrawn status Lost status Source of classification or shelving scheme Damaged status Not for loan Home library Current library Shelving location Date acquired Total Checkouts Full call number Barcode Date last seen Copy number Price effective from Koha item type
    Dewey Decimal Classification     Virtual Virtual Online 21/10/2010   ONLINE PUBLICATION 151322-2001 06/08/2019 1 06/08/2019 Book